[Event "Pretoria Capablanca B"]
[Site "Pretoria"]
[Date "2018.04.29"]
[Round "5"]
[White "Nel, Andre"]
[Black "Nene, Themba"]
[Result "1-0"]
[WhiteElo "1836"]
[BlackElo "1925"]
[PlyCount "55"]
[EventDate "2018.04.27"]
[EventType "tourn"]
[EventRounds "9"]
[EventCountry "RSA"]
[SourceTitle "CBM 184 Extra"]
[Source "ChessBase"]
[SourceDate "2018.06.28"]
[SourceVersion "1"]
[SourceVersionDate "2018.06.28"]
[SourceQuality "1"]

1. d4 Nf6 2. c3 g6 3. Bg5 Bg7 4. Nd2 0-0 5. e3 c6 6. Ngf3 d6 7. Bd3 Bg4 8. h3 Bxf3 9. Nxf3 Nbd7 10. Nd2 Qa5 11. f4 e5 12. 0-0 exf4 13. Bxf4 d5 14. Qf3 Qd8 15. Bg5 h6 16. Bh4 Qe7 17. Rae1 g5 18. Bg3 Rfe8 19. e4 Qe6 20. e5 Nh7 21. Bf5 Qe7 22. Bxh7+ Kxh7 23. Qxf7 Nf8 24. Rf5 Ne6 25. Nf3 Qxf7 26. Rxf7 b6 27. Rd7 Red8 28. Rd6 1-0

[Event "Johannesburg PSS Capablanca-A"]
[Site "Johannesburg"]
[Date "2017.04.29"]
[Round "6"]
[White "Nene, Themba"]
[Black "De Abreu, Roberto N"]
[Result "1/2-1/2"]
[WhiteElo "1944"]
[BlackElo "2110"]
[PlyCount "82"]
[EventDate "2017.04.26"]
[EventType "tourn"]
[EventRounds "9"]
[EventCountry "RSA"]
[SourceTitle "CBM 178 Extra"]
[Source "ChessBase"]
[SourceDate "2017.06.22"]
[SourceVersion "1"]
[SourceVersionDate "2017.06.22"]
[SourceQuality "1"]

1. d4 Nf6 2. c4 c5 3. d5 b5 4. cxb5 a6 5. bxa6 g6 6. Nc3 Bg7 7. e4 0-0 8. Nf3 Qa5 9. Nd2 Bxa6 10. Bxa6 Qxa6 11. Qe2 e6 12. dxe6 fxe6 13. Qxa6 Nxa6 14. 0-0 Nb4 15. Rd1 Ng4 16. Nf3 Nc2 17. Rb1 Nd4 18. h3 Nxf3+ 19. gxf3 Ne5 20. Be3 Nxf3+ 21. Kg2 Nd4 22. f4 Rf7 23. e5 Bh6 24. Bxd4 cxd4 25. Rxd4 Bxf4 26. Rf1 Bxe5 27. Rxf7 Bxd4 28. Rxd7 Bxc3 29. bxc3 Rxa2+ 30. Kf3 Rh2 31. Kg4 Rg2+ 32. Kf4 Rf2+ 33. Ke5 Rf3 34. c4 Rxh3 35. Kf6 Rf3+ 36. Kxe6 Rc3 37. Kf6 Rf3+ 38. Ke6 Rc3 39. Rc7 h5 40. Kf6 h4 41. Rg7+ Kh8 1/2-1/2

[Event "Boksburg Inter Region-ch"]
[Site "Boksburg"]
[Date "2016.12.21"]
[Round "3.1"]
[White "Tembo, Epah"]
[Black "Nene, Themba"]
[Result "1/2-1/2"]
[WhiteElo "1858"]
[BlackElo "1904"]
[PlyCount "89"]
[EventDate "2016.12.20"]
[EventType "team-swiss"]
[EventRounds "7"]
[EventCountry "RSA"]
[SourceTitle "CBM 176 Extra"]
[Source "ChessBase"]
[SourceDate "2017.03.02"]
[SourceVersion "1"]
[SourceVersionDate "2017.03.02"]
[SourceQuality "1"]
[WhiteTeam "Queens"]
[BlackTeam "White Team"]
[WhiteTeamCountry "RSA"]
[BlackTeamCountry "RSA"]

1. c4 Nf6 2. g3 g6 3. Bg2 Bg7 4. Nc3 0-0 5. e3 c6 6. Nge2 d5 7. b3 e5 8. 0-0 Be6 9. cxd5 Nxd5 10. Bb2 Nd7 11. d4 exd4 12. Nxd4 Nxc3 13. Bxc3 Qe7 14. Rc1 Rfd8 15. Nxe6 Qxe6 16. Bxg7 Kxg7 17. Qd4+ Qf6 18. Qb4 Nb6 19. a4 Rab8 20. a5 Nd5 21. Qc5 a6 22. e4 Nc7 23. e5 Qf5 24. Rcd1 Ne6 25. Qc3 Qg5 26. Bh3 Qe7 27. b4 Rd7 28. f4 Rbd8 29. Rd6 Rxd6 30. exd6+ Qf6 31. Qxf6+ Kxf6 32. Rd1 Ng7 33. g4 Ke6 34. Kf2 Rxd6 35. f5+ Kd7 36. fxg6 hxg6 37. g5+ Ne6 38. Bxe6+ Kxe6 39. Re1+ Kd7 40. Re4 c5 41. bxc5 Rd5 42. Rb4 Kc7 43. h4 Rxc5 44. Rf4 Rxa5 45. Rxf7+ 1/2-1/2

[Event "RSA-chT Regions"]
[Site "Cape Town"]
[Date "2016.01.09"]
[Round "3.1"]
[White "Nene, Themba"]
[Black "Mwale, Joseph"]
[Result "0-1"]
[WhiteElo "1821"]
[BlackElo "2041"]
[PlyCount "44"]
[EventDate "2016.01.08"]
[EventType "team-swiss"]
[EventRounds "7"]
[EventCountry "RSA"]
[SourceTitle "CBM 170 Extra"]
[Source "ChessBase"]
[SourceDate "2016.02.25"]
[SourceVersion "1"]
[SourceVersionDate "2016.02.25"]
[SourceQuality "1"]
[WhiteTeam "Tshwane White"]
[BlackTeam "EThekwini"]
[WhiteTeamCountry "RSA"]
[BlackTeamCountry "RSA"]

1. d4 Nf6 2. c4 e6 3. Nc3 Bb4 4. Qc2 d5 5. a3 Be7 6. e3 0-0 7. Nf3 c5 8. dxc5 Bxc5 9. b4 Be7 10. Bd3 a5 11. b5 dxc4 12. Bxc4 Nbd7 13. 0-0 b6 14. Bb2 Bb7 15. Rfd1 Rc8 16. Qe2 Bxf3 17. gxf3 Rc5 18. Ne4 Nxe4 19. fxe4 Qc8 20. Bb3 Bd6 21. f4 e5 22. Qd2 Bb8 0-1

[Event "Johannesburg Tsogo Sun op"]
[Site "Johannesburg"]
[Date "2015.07.19"]
[Round "8"]
[White "Nene, Themba"]
[Black "Modi, Yashil"]
[Result "1-0"]
[WhiteElo "1954"]
[BlackElo "1576"]
[PlyCount "113"]
[EventDate "2015.07.15"]
[EventType "swiss"]
[EventRounds "9"]
[EventCountry "RSA"]
[SourceTitle "CBM 167 Extra"]
[Source "ChessBase"]
[SourceDate "2015.09.14"]
[SourceVersion "1"]
[SourceVersionDate "2015.09.14"]
[SourceQuality "1"]

1. d4 Nf6 2. Nf3 g6 3. g3 Bg7 4. Bg2 0-0 5. 0-0 d6 6. c4 Nbd7 7. Nc3 e5 8. d5 Ne8 9. e4 f5 10. Qc2 a5 11. Nd2 Bh6 12. Bh3 f4 13. f3 g5 14. Be6+ Kh8 15. g4 Nc5 16. Bxc8 Qxc8 17. b3 Rf7 18. Bb2 Bf8 19. Rf2 Be7 20. a3 b6 21. b4 Nb7 22. Nb3 Qd7 23. Nc1 Ng7 24. Nd3 Qe8 25. Nb1 Qf8 26. c5 Bd8 27. c6 Nc5 28. bxc5 bxc5 29. Nd2 Bf6 30. Bc3 Qb8 31. Rb1 Qa7 32. Rb7 Qa6 33. Rf1 Rff8 34. Rfb1 Ra7 35. Nc4 h6 36. Bxa5 Bd8 37. Qb3 Kg8 38. Qb5 Qxb5 39. R1xb5 Ra8 40. Bxc7 Bxc7 41. Rxc7 Rfd8 42. Rbb7 Ne8 43. Rd7 Kf8 44. Rh7 Kg8 45. Rxh6 Rac8 46. Rg6+ Kh8 47. Rxg5 Rc7 48. Rb6 Kh7 49. a4 Ra8 50. a5 Raa7 51. Ndb2 Rc8 52. Rb7+ Rc7 53. Rxa7 Rxa7 54. Na4 Rc7 55. Nc3 Rc8 56. Nb5 Rb8 57. Nb6 1-0

[Event "Waterkloof Robbertse Memorial"]
[Site "Waterkloof"]
[Date "2015.01.29"]
[Round "1"]
[White "Makoto, Rodwell"]
[Black "Nene, Themba"]
[Result "1-0"]
[WhiteElo "2327"]
[BlackElo "1932"]
[PlyCount "61"]
[EventDate "2015.01.29"]
[EventType "swiss"]
[EventRounds "6"]
[EventCountry "RSA"]
[SourceTitle "CBM 164 Extra"]
[Source "ChessBase"]
[SourceDate "2015.03.02"]
[SourceVersion "1"]
[SourceVersionDate "2015.03.02"]
[SourceQuality "1"]

1. e4 c5 2. Nf3 d6 3. Bb5+ Bd7 4. Bxd7+ Qxd7 5. 0-0 g6 6. d4 cxd4 7. Nxd4 Bg7 8. c4 Nc6 9. Be3 Nxd4 10. Bxd4 Bxd4 11. Qxd4 Nf6 12. Nc3 0-0 13. Rad1 Qc6 14. f4 Rfd8 15. Rf3 Rdc8 16. e5 dxe5 17. fxe5 Rd8 18. Nd5 Nxd5 19. cxd5 Qb6 20. Qxb6 axb6 21. a3 Ra5 22. Rfd3 Rc5 23. Kf2 Rc2+ 24. R1d2 Rxd2+ 25. Rxd2 e6 26. d6 f6 27. Ke3 Kf7 28. Rf2 f5 29. Rc2 Rd7 30. Rc8 g5 31. a4 1-0

[Event "Commonwealth & RSA op"]
[Site "Port Elizabeth"]
[Date "2013.07.09"]
[Round "6"]
[White "Grover, Sahaj"]
[Black "Nene, Themba"]
[Result "1-0"]
[WhiteElo "2487"]
[BlackElo "1963"]
[PlyCount "64"]
[EventDate "2013.07.06"]
[EventType "swiss"]
[EventRounds "11"]
[EventCountry "RSA"]
[SourceTitle "CBM 155 Extra"]
[Source "ChessBase"]
[SourceDate "2013.08.26"]
[SourceVersion "1"]
[SourceVersionDate "2013.08.26"]
[SourceQuality "1"]

1. e4 d6 2. d4 Nf6 3. f3 e5 4. d5 Be7 5. Be3 0-0 6. Qd2 h6 7. h4 Nh7 8. Bf2 f5 9. exf5 Bxf5 10. Nc3 Nd7 11. 0-0-0 Nb6 12. g4 Bg6 13. Bd3 Bxd3 14. Qxd3 c6 15. Kb1 Qe8 16. g5 h5 17. Nge2 g6 18. Bxb6 axb6 19. f4 Rf5 20. fxe5 Rxe5 21. Nd4 Nf8 22. Rhe1 Bxg5 23. Nf3 Bf6 24. Ne4 Rxe4 25. Rxe4 Qf7 26. Qb3 c5 27. Ng5 Bxg5 28. hxg5 Nd7 29. Re6 c4 30. Qxc4 Ne5 31. Qb3 Qc7 32. Rf1 Rc8 1-0